[Event "Minsk Kupreichik Memorial op"]
[Site "Minsk"]
[Date "2018.06.22"]
[Round "5"]
[White "Artsiomau, Stanislau"]
[Black "Yurau, Maksim"]
[Result "0-1"]
[WhiteElo "1886"]
[BlackElo "1951"]
[PlyCount "74"]
[EventDate "2018.06.21"]
[EventType "swiss (rapid)"]
[EventRounds "11"]
[EventCountry "BLR"]
[SourceTitle "CBM 185 Extra"]
[Source "ChessBase"]
[SourceDate "2018.07.29"]
[SourceVersion "1"]
[SourceVersionDate "2018.07.29"]
[SourceQuality "1"]

1. e4 c5 2. d3 Nc6 3. g3 Nf6 4. Bg2 e6 5. Nf3 d5 6. e5 Nd7 7. Qe2 Be7 8. 0-0 0-0 9. Bf4 Rb8 10. h4 b5 11. Nbd2 a5 12. Bh3 Ba6 13. c3 Nb6 14. Ng5 h6 15. Nxf7 Kxf7 16. Qh5+ g6 17. Qxh6 Rh8 18. Bxe6+ Kxe6 19. Qxg6+ Kd7 20. Rfd1 Kc7 21. b4 Qg8 22. Qxg8 Rbxg8 23. bxc5 Bxc5 24. Nb3 Be7 25. Kf1 a4 26. Nd4 Nxd4 27. cxd4 Kb7 28. Ke2 Rc8 29. Rac1 Ba3 30. Rxc8 Rxc8 31. h5 b4 32. h6 b3 33. axb3 axb3 34. e6 Na4 35. Bd2 Nb2 36. Rh1 Bxd3+ 37. Ke3 Be4 0-1

[Event "Minsk Kupreichik Memorial op"]
[Site "Minsk"]
[Date "2018.06.22"]
[Round "8"]
[White "Kaliadzich, Maryia"]
[Black "Yurau, Maksim"]
[Result "1/2-1/2"]
[WhiteElo "2058"]
[BlackElo "1951"]
[PlyCount "117"]
[EventDate "2018.06.21"]
[EventType "swiss (rapid)"]
[EventRounds "11"]
[EventCountry "BLR"]
[SourceTitle "CBM 185 Extra"]
[Source "ChessBase"]
[SourceDate "2018.07.29"]
[SourceVersion "1"]
[SourceVersionDate "2018.07.29"]
[SourceQuality "1"]

1. d4 d5 2. c4 c6 3. e3 e6 4. Nf3 f5 5. g3 Nf6 6. Bg2 Be7 7. 0-0 0-0 8. b3 Nbd7 9. a4 a5 10. Ba3 Ne4 11. Qc1 Bb4 12. Bxb4 axb4 13. Nfd2 Ndf6 14. f3 Nxd2 15. Nxd2 Re8 16. f4 b6 17. cxd5 cxd5 18. Qb2 Bb7 19. Rfe1 Rc8 20. Rac1 Qd7 21. Bf1 Rxc1 22. Rxc1 Rc8 23. Bb5 Rxc1+ 24. Qxc1 Qc8 25. Qxc8+ Bxc8 26. h3 Ne4 27. Nxe4 fxe4 28. g4 g6 29. Kf2 Kf7 30. Kg3 h6 31. h4 Kf8 32. g5 h5 33. f5 exf5 34. Bc6 Be6 35. Kf4 Ke7 36. Ke5 Bf7 37. Bxd5 Be8 38. Bc4 Bd7 39. d5 Be8 40. d6+ Kd7 41. Bb5+ Kd8 42. Bc4 Kd7 43. Be6+ Kc6 44. Bd5+ Kd7 45. Bc4 Kd8 46. Kf6 Kd7 47. Bb5+ Kd8 48. Bxe8 Kxe8 49. Kxg6 f4 50. Kxh5 fxe3 51. g6 e2 52. g7 Kf7 53. d7 e1Q 54. g8Q+ Kxg8 55. d8Q+ Kf7 56. Qd5+ Kf6 57. Qg5+ Kf7 58. Qf5+ Ke7 59. Qe5+ 1/2-1/2

[Event "Minsk Kupreichik Memorial op"]
[Site "Minsk"]
[Date "2018.06.22"]
[Round "6"]
[White "Yurau, Maksim"]
[Black "Kuznetsov, Mikhail V"]
[Result "0-1"]
[WhiteElo "1951"]
[BlackElo "2207"]
[PlyCount "82"]
[EventDate "2018.06.21"]
[EventType "swiss (rapid)"]
[EventRounds "11"]
[EventCountry "BLR"]
[SourceTitle "CBM 185 Extra"]
[Source "ChessBase"]
[SourceDate "2018.07.29"]
[SourceVersion "1"]
[SourceVersionDate "2018.07.29"]
[SourceQuality "1"]

1. e4 c5 2. Nf3 Nf6 3. Nc3 d5 4. exd5 Nxd5 5. Bb5+ Bd7 6. Bxd7+ Qxd7 7. Nxd5 Qxd5 8. d4 e6 9. 0-0 Nc6 10. Be3 c4 11. c3 Bd6 12. Qe2 0-0 13. Rad1 b5 14. a3 a5 15. Nd2 Rfb8 16. Qf3 b4 17. axb4 axb4 18. Ne4 Be7 19. Ra1 bxc3 20. bxc3 Na5 21. Nd2 Nb3 22. Rxa8 Rxa8 23. Qxd5 exd5 24. Rb1 Ra2 25. Nxb3 cxb3 26. Kf1 b2 27. Ke2 Ba3 28. Kd2 Ra1 29. Kc2 Kf8 30. g4 Ke8 31. Bf4 Kd7 32. Be3 Kc6 33. f4 Kb5 34. Bd2 Kc4 35. Be1 g6 36. h4 f5 37. gxf5 gxf5 38. h5 Rxb1 39. Kxb1 Kd3 40. h6 Ke2 41. Bh4 Kd2 0-1

[Event "Minsk Kupreichik Memorial op"]
[Site "Minsk"]
[Date "2018.06.21"]
[Round "3"]
[White "Svjatocho, Andrej"]
[Black "Yurau, Maksim"]
[Result "1/2-1/2"]
[WhiteElo "1995"]
[BlackElo "1951"]
[PlyCount "49"]
[EventDate "2018.06.21"]
[EventType "swiss (rapid)"]
[EventRounds "11"]
[EventCountry "BLR"]
[SourceTitle "CBM 185 Extra"]
[Source "ChessBase"]
[SourceDate "2018.07.29"]
[SourceVersion "1"]
[SourceVersionDate "2018.07.29"]
[SourceQuality "1"]

1. e4 c5 2. Nf3 e6 3. d3 d5 4. Nbd2 Nc6 5. g3 Nf6 6. Bg2 Be7 7. 0-0 0-0 8. Re1 Re8 9. c3 b5 10. Qc2 Bb7 11. Nb3 c4 12. dxc4 bxc4 13. Nbd2 Bc5 14. e5 Ng4 15. Re2 Qc7 16. b4 Be7 17. Nf1 Ngxe5 18. Nxe5 Nxe5 19. Bf4 Bd6 20. Bxe5 Bxe5 21. Ne3 Rab8 22. Rae1 Bd6 23. Nxd5 Bxd5 24. Bxd5 Red8 25. Be4 1/2-1/2